| 000 | 00415cam a2200181ua 4500 | ||
|---|---|---|---|
| 001 | 9221 | ||
| 008 | 150225n ii |||gr||||Z||||||eng | ||
| 040 | _cMAIN | ||
| 041 | _aeng | ||
| 082 | _a821 | ||
| 100 |
_aChopra, D. K., _eEditor. |
||
| 245 |
_aBiographia literaria _cEdited by D. K. Chopra |
||
| 250 | _a1st. | ||
| 260 |
_aAgra: _bLakshmi, _c1994. |
||
| 300 | _a268p. | ||
| 653 | _aEnglish poetry | ||
| 942 | _cBK | ||
| 999 |
_c8290 _d8290 |
||